Focus sur: Denethor II - Tolkien - Statistiques

Statistiques générales
  • Ce quiz a été pris 26 fois
  • Le résultat moyen est 10 sur 13
Statistiques - réponses
Informations recherchées Réponses % Correct
Boromir
100%
Fils Faramir
100%
Contrée Gondor
100%
Couleur des cheveux Gris
100%
Espèce Homme
100%
Profession et titre Intendant régnant du Gondor
100%
Cité Minas Tirith
100%
Age durant lequel il vécut Troisième
100%
Première apparition Le Seigneur des Anneaux: Les Deux Tours
95%
Lignée (partiellement) Númenor
59%
Père Ecthelion II
45%
Epouse Finduilas
14%
Acteur l'interprétant dans les films John Noble
14%
Aucun quiz correspondant
Distribution des résultats
% des personnes avec chaque résultat
Percentile par nombre de réponses
Votre historique - résultats
Vous n’avez pas pris ce quiz